01271nam a2200313Ia 4500003000400000005001700004008004100021020001800062040003500080041000800115084001100123100004400134245008300178250002300261264003000284300005400314336002700368337003300395338002800428490009900456534006200555650004600617650004700663650003800710700003900748942001500787999001700802952013800819OSt20201110151926.0200115s2019 ck 000 0 spa d a9789585444713 aCO-BoRNBPbspaerdacCO-BoRNBP0 aspa aC ARC11 aArciniegas, Triunfod1957eautor 9281110aEl perfume del viento cTriunfo Arciniegas ; ilustrado por Juan Camilo Mayorga aEdición especial 1aBogotá bRichmondc2019 a[48] páginas bilustraciones en color c 26 cm. 2rdacontentatextobtxt 2rdamediaasin mediaciónbn 2rdacarrieravolumenbnc0 aPlan Nacional de Lectura y Escritura Leer es mi Cuento / Ministerio de Cultura : yo leo sólo tRecomendado para un público infantil mayor de 6 años.17aLiteratura infantil colombiana2LEMB950317aCuentos infantiles colombianos2LEMB9197617aAncianos 2LEMBvCuentos 91267461 aMayorga, Juan Camilod19889134773 2ddccBKLIT c12568d12568 00102ddc40708LJaBPMOSbBPMOSd2020-11-10iNTl5oC ARC1pMOS500141r2026-04-16s2026-03-31tEj 1w2020-11-10yBKLITzQuince dias